[Event "DUBAI CUP 2004"]
[Site "Tagaytay, Phil."]
[Date "2004.03.22"]
[Round "2.2"]
[White "Siti, Zulaikha"]
[Black "Nolte, Rolando"]
[Result "0-1"]
[WhiteElo "2162"]
[BlackElo "2389"]
[PlyCount "78"]
[EventDate "2004.03.21"]

1. e4 c5 2. Nc3 Nc6 3. f4 g6 4. Nf3 Bg7 5. Bb5 Nd4 6. O-O Nxb5 7. Nxb5 Nf6 8.
d3 O-O 9. Kh1 d6 10. Qe1 Bg4 11. h3 Bxf3 12. Rxf3 a6 13. Nc3 b5 14. Be3 b4 15.
Ne2 Nd7 16. d4 Rc8 17. Rc1 cxd4 18. Bxd4 Rc4 19. Bxg7 Kxg7 20. Ng3 Qc7 21. Rf2
a5 22. Qe2 Qc5 23. Qf3 Rc8 24. Re2 a4 25. Qg4 Nf6 26. Qh4 h6 27. b3 axb3 28.
axb3 Rd4 29. Nf1 Qc6 30. Rce1 Rxe4 31. Rxe4 Nxe4 32. Qxe7 Re8 33. Qh4 g5 34.
fxg5 hxg5 35. Qh5 Ng3+ 36. Nxg3 Rxe1+ 37. Kh2 Qc5 38. Nh1 Qg1+ 39. Kg3 Re3+ 0-1

[Event "DUBAI CUP 2004"]
[Site "Tagaytay, Phil."]
[Date "2004.03.22"]
[Round "2.3"]
[White "Mayor, Jenny"]
[Black "Anas, Nazreen Bakri"]
[Result "0-1"]
[WhiteElo "1800"]
[BlackElo "2204"]
[PlyCount "116"]
[EventDate "2004.03.21"]

1. e4 c5 2. f4 d5 3. exd5 Nf6 4. c4 e6 5. dxe6 Bxe6 6. Nf3 Nc6 7. Be2 Bd6 8. d3
Qc7 9. g3 O-O-O 10. Nc3 Rhe8 11. O-O Bf8 12. b3 Qd7 13. Bb2 Bf5 14. Ne5 Nxe5
15. fxe5 Qd4+ 16. Kg2 Qxe5 17. Rf2 Qe6 18. Kg1 Kb8 19. Qd2 Bg6 20. Nb5 Bd6 21.
Qa5 a6 22. Nxd6 Qxd6 23. Rd1 Qc7 24. Qa3 h5 25. Bc1 Ka7 26. Bf4 Qb6 27. Bd2 Qc7
28. Bf4 Qb6 29. h3 Rd7 30. Kg2 Rd4 31. Qc1 Qe6 32. b4 Bf5 33. bxc5 Bxh3+ 34.
Kg1 Bg4 35. Bxg4 Nxg4 36. Rb2 Qc6 37. Bd6 Re3 38. Rb6 Qd7 39. Qb2 Rxd6 40. Rxd6
Rxg3+ 41. Kh1 Nf2+ 42. Qxf2 Rh3+ 43. Qh2 Qf5 44. Rg1 Rxh2+ 45. Kxh2 Qxc5 46.
Rd5 Qf2+ 47. Rg2 Qf4+ 48. Kg1 g6 49. Rf2 Qg3+ 50. Kf1 Qc7 51. Rf6 h4 52. Rdd6
Qc5 53. Rd5 Qe7 54. Rf3 f5 55. d4 Qe4 56. Rf2 Qd3+ 57. Kg1 h3 58. Rd7 Qg3+ 0-1

[Event "DUBAI CUP 2004"]
[Site "Tagaytay, Phil."]
[Date "2004.03.22"]
[Round "2.4"]
[White "Fariz, Shafruddin"]
[Black "Layesa, Gabriel"]
[Result "1/2-1/2"]
[WhiteElo "2043"]
[BlackElo "1800"]
[PlyCount "125"]
[EventDate "2004.03.21"]

1. e4 c5 2. c3 g6 3. d4 cxd4 4. cxd4 Bg7 5. f4 d6 6. Be3 Nf6 7. Nc3 O-O 8. Be2
Qa5 9. Qd2 Nc6 10. h3 e5 11. fxe5 dxe5 12. d5 Nd4 13. Bd3 Bd7 14. Bxd4 exd4 15.
Nb1 Qc7 16. Ne2 Rae8 17. O-O Nxe4 18. Bxe4 Rxe4 19. Na3 b5 20. Nc2 Qc5 21. Kh1
b4 22. Ng3 Re5 23. Nxb4 Re3 24. Rfc1 Qe7 25. Nf1 Re2 26. Re1 Re8 27. Nd3 Bb5
28. Rxe2 Qxe2 29. Re1 Qxd2 30. Rxe8+ Bxe8 31. Nxd2 Kf8 32. Nc4 Bd7 33. Kg1 Bf5
34. Nc5 d3 35. g4 Bd4+ 36. Kf1 Bxg4 37. hxg4 Bxc5 38. Ne5 Ke7 39. Nxd3 Bd4 40.
b3 Kd6 41. Nb4 Bc5 42. Nd3 f6 43. a4 Kxd5 44. b4 Bd4 45. b5 Kc4 46. Ke2 Bc3 47.
Nf4 g5 48. Ne6 Kb4 49. Nd8 Kxa4 50. Nc6 Kxb5 51. Nxa7+ Kc4 52. Kf3 Kd5 53. Nb5
Be5 54. Na3 Ke6 55. Nc2 f5 56. gxf5+ Kxf5 57. Ne3+ Kg6 58. Nd1 h5 59. Ne3 Bb8
60. Nd1 g4+ 61. Kg2 Kg5 62. Nf2 h4 63. Nxg4 1/2-1/2

[Event "DUBAI CUP 2004"]
[Site "Tagaytay, Phil."]
[Date "2004.03.22"]
[Round "2.1"]
[White "Senador, Emmanuel"]
[Black "Antonio Jr, Rogelio"]
[Result "0-1"]
[WhiteElo "2453"]
[BlackElo "2523"]
[PlyCount "52"]
[EventDate "2004.03.21"]

1. Nf3 d5 2. d4 c6 3. g3 Nf6 4. Bg2 g6 5. O-O Bg7 6. b3 a5 7. c4 a4 8. cxd5
Nxd5 9. e4 Nc7 10. Nc3 Bg4 11. Be3 c5 12. Nd5 O-O 13. Nxc7 Qxc7 14. Rc1 Na6 15.
h3 Bd7 16. bxa4 Qa5 17. dxc5 Bxa4 18. Qd2 Qxd2 19. Nxd2 Bc6 20. Nc4 Nb4 21. a3
Nd3 22. Rb1 Ra4 23. Rb3 Rxc4 24. Rxd3 Ra8 25. Rb1 e6 26. f4 Rc2 {
unclear scoresheet} 0-1

[Event "DUBAI CUP 2004"]
[Site "Tagaytay, Phil."]
[Date "2004.03.22"]
[Round "2.3"]
[White "Balico, Jerome"]
[Black "Dableo, Ronald"]
[Result "0-1"]
[WhiteElo "1800"]
[BlackElo "2426"]
[PlyCount "140"]
[EventDate "2004.03.21"]

1. e4 g6 2. d4 Bg7 3. Nc3 c6 4. Bc4 b5 5. Bb3 e6 6. a3 d5 7. Nf3 Nf6 8. e5 Nfd7
9. Ne2 c5 10. c3 Nc6 11. O-O c4 12. Bc2 Nb6 13. Bg5 Qc7 14. h3 h6 15. Be3 Bd7
16. Nd2 a5 17. b3 cxb3 18. Nxb3 Nc4 19. Bc1 a4 20. Nd2 N6a5 21. Nf4 Nxd2 22.
Bxd2 Nc4 23. Bc1 O-O-O 24. Nd3 Rdg8 25. Nc5 Bf8 26. Nxd7 Qxd7 27. Bd3 Be7 28.
Qf3 Rh7 29. Rb1 Qc6 30. Re1 Kc7 31. Qe2 Rb8 32. Qa2 Rhh8 33. Rf1 h5 34. Kh2 Kd7
35. f4 h4 36. Rf3 Kc7 37. Kh1 Rb7 38. Kg1 Rhb8 39. Kf1 Rb6 40. Ke2 Kb7 41. Rf1
Ka6 42. Qc2 Ka5 43. Ra1 Qe8 44. Bd2 Ka6 45. Rfb1 Ka7 46. Bc1 R8b7 47. Kf2 Kb8
48. Qe2 Qf8 49. Kg1 Ka7 50. Qd1 Qe8 51. Kh2 Qc6 52. Kh1 Na5 53. Bd2 Nb3 54. Ra2
Rc7 55. Be1 Qe8 56. Kh2 Rcb7 57. Qe2 Qf8 58. Rab2 Bxa3 59. Rxb3 axb3 60. Rxb3
Bc1 61. Bxb5 Qh6 62. Kh1 Qxf4 63. c4 dxc4 64. Qxc4 Kb8 65. Ba4 Rc7 66. Qd3 Bb2
67. Bd2 Qxd4 68. Qe2 Qxe5 69. Qxe5 Bxe5 70. Be3 Rbb7 0-1

[Event "DUBAI CUP 2004"]
[Site "Tagaytay, Phil."]
[Date "2004.03.22"]
[Round "2.4"]
[White "Gonzales, Jayson"]
[Black "Dimakiling, Oliver"]
[Result "1/2-1/2"]
[WhiteElo "2403"]
[BlackElo "1800"]
[PlyCount "40"]
[EventDate "2004.03.21"]

1. c4 e6 2. g3 c5 3. Bg2 Nf6 4. Nf3 Be7 5. O-O O-O 6. d4 cxd4 7. Nxd4 a6 8. b3
d6 9. Bb2 Nbd7 10. Nc3 Re8 11. h3 Bf8 12. Rc1 Rb8 13. Qd2 Qc7 14. Rfd1 Ne5 15.
Kh2 Bd7 16. e4 Rbc8 17. f4 Ng6 18. Nf3 Bc6 19. Nd4 Bd7 20. Nf3 Bc6 1/2-1/2

[Event "DUBAI CUP 2004"]
[Site "Tagaytay, Phil."]
[Date "2004.03.22"]
[Round "2.1"]
[White "Kotsur, Pavel"]
[Black "Borigas, Edgardo"]
[Result "1-0"]
[WhiteElo "2569"]
[BlackElo "1800"]
[PlyCount "103"]
[EventDate "2004.03.21"]

1. e4 e6 2. d4 d5 3. Nd2 c5 4. exd5 Qxd5 5. Ngf3 Nf6 6. Bc4 Qh5 7. dxc5 Bxc5 8.
Qe2 O-O 9. Nb3 Be7 10. Bd2 b6 11. O-O-O Bb7 12. h3 Nbd7 13. g4 Qg6 14. Rhe1 Qe4
15. Nfd4 Qxe2 16. Bxe2 Nc5 17. f3 Rac8 18. Kb1 Rfd8 19. c3 g6 20. Bc1 Nd5 21.
Nc2 Bh4 22. Nxc5 bxc5 23. Rf1 Kg7 24. c4 Nb6 25. b3 Bf6 26. Be3 Nd7 27. f4 Bg2
28. Rg1 Be4 29. Bd3 Bxd3 30. Rxd3 Nb8 31. Rxd8 Bxd8 32. Rd1 Be7 33. Ne1 f6 34.
Nd3 Kf7 35. Kc2 Bd6 36. Nf2 Be7 37. Ne4 f5 38. Nd6+ Bxd6 39. Rxd6 Ke7 40. Rd2
Na6 41. Bf2 e5 42. fxe5 Nb4+ 43. Kc3 Ke6 44. a3 Nc6 45. Bxc5 Kxe5 46. Rd7 fxg4
47. hxg4 Kf4 48. Rxh7 Kxg4 49. Bxa7 Nxa7 50. Rxa7 Kf4 51. b4 g5 52. b5 1-0

[Event "DUBAI CUP 2004"]
[Site "Tagaytay, Phil."]
[Date "2004.03.22"]
[Round "2.3"]
[White "Ibraev, Nurlan"]
[Black "Veldhuis, Tjitte Durk"]
[Result "1-0"]
[WhiteElo "2427"]
[BlackElo "1800"]
[PlyCount "55"]
[EventDate "2004.03.21"]

1. e4 c5 2. Nf3 e6 3. d4 cxd4 4. Nxd4 Nc6 5. Nb5 d6 6. c4 a6 7. N5c3 Nf6 8. Be2
Be7 9. O-O O-O 10. Be3 Rb8 11. f3 Qc7 12. Qd2 Rd8 13. Rd1 Bd7 14. Na3 Be8 15.
Bf1 Rd7 16. Qf2 b6 17. Rac1 Qb7 18. Nc2 Bd8 19. Rd2 Bc7 20. Rcd1 Rbd8 21. Bg5
Ne7 22. Ne3 Kf8 23. Bxf6 gxf6 24. Qh4 Ng8 25. Qxh7 b5 26. Kh1 b4 27. Ncd5 exd5
28. Nf5 1-0

[Event "DUBAI CUP 2004"]
[Site "Tagaytay, Phil."]
[Date "2004.03.22"]
[Round "2.4"]
[White "Yu, Melvin"]
[Black "Serik, Temirbaev"]
[Result "0-1"]
[WhiteElo "1800"]
[BlackElo "2459"]
[PlyCount "138"]
[EventDate "2004.03.21"]

1. e4 c5 2. Nf3 Nc6 3. d4 cxd4 4. Nxd4 Nf6 5. Nc3 d6 6. Be3 Ng4 7. Qd2 Nxe3 8.
Qxe3 e6 9. a3 Be7 10. Be2 O-O 11. O-O a6 12. Rad1 Qc7 13. Nb3 b5 14. Rc1 Ne5
15. Nd2 Bb7 16. f4 Nd7 17. Nd1 Qb6 18. Qxb6 Nxb6 19. Bd3 Rac8 20. b3 d5 21.
exd5 Bxa3 22. Ra1 Bc5+ 23. Kh1 Nxd5 24. Be4 Bd4 25. Rb1 Rc7 26. c4 Nb4 27. Bxb7
Rxb7 28. Nf3 Bf6 29. Ne3 Rd8 30. Rfd1 Rbd7 31. cxb5 Rxd1+ 32. Rxd1 Rxd1+ 33.
Nxd1 axb5 34. Nf2 Nd5 35. Nd3 Kf8 36. Kg1 Bd8 37. g3 Bb6+ 38. Kf1 f6 39. Nf2
Nc3 40. Ke1 Ke7 41. Nd1 Nd5 42. Kd2 Kd6 43. Kd3 h6 44. Nc3 Nxc3 45. Kxc3 Bc5
46. h3 Kd5 47. Kd3 Bf2 48. g4 g5 49. f5 exf5 50. gxf5 h5 51. Ke2 Bc5 52. Kd3 g4
53. hxg4 hxg4 54. Nh4 Ke5 55. Ke2 Kf4 56. Kf1 Kg5 57. Ng2 Kxf5 58. Ne1 Ke4 59.
Kg2 f5 60. Kg3 Bb4 61. Nc2 Bd6+ 62. Kg2 f4 63. b4 f3+ 64. Kf1 g3 65. Kg1 Bc7
66. Kf1 g2+ 67. Kg1 Bb6+ 68. Kh2 g1=Q+ 69. Kh3 Kf5 0-1

[Event "DUBAI CUP 2004"]
[Site "Tagaytay, Phil."]
[Date "2004.03.22"]
[Round "2.1"]
[White "Faisal, Alsharhan"]
[Black "Tindall, Brett"]
[Result "1-0"]
[WhiteElo "2125"]
[BlackElo "2286"]
[PlyCount "91"]
[EventDate "2004.03.21"]

1. d4 Nf6 2. Nf3 g6 3. Bg5 Bg7 4. Nbd2 O-O 5. e3 d6 6. Be2 c5 7. c3 b6 8. O-O
Bb7 9. Re1 Nc6 10. Bf1 Rc8 11. a3 a6 12. Rc1 b5 13. e4 cxd4 14. cxd4 d5 15. e5
Nd7 16. Nb3 h6 17. Bh4 Qb6 18. Bd3 e6 19. Bb1 Na5 20. Nxa5 Rxc1 21. Qxc1 Qxa5
22. b4 Qb6 23. Be7 Rc8 24. Bc5 Qd8 25. Qe3 Nb6 26. Qd3 Nc4 27. g3 Bc6 28. h4
Nb2 29. Qb3 Na4 30. h5 Nxc5 31. dxc5 gxh5 32. Nd4 Qg5 33. Qd3 Bxe5 34. Nf3 Qf6
35. Nxe5 h4 36. Re3 d4 37. Qxd4 h3 38. Nxc6 h2+ 39. Kg2 h1=Q+ 40. Kxh1 Qxf2 41.
Ne7+ Kf8 42. Nxc8 Qf1+ 43. Kh2 Qf2+ 44. Kh3 Qf1+ 45. Kg4 f6 46. Qd6+ 1-0

[Event "DUBAI CUP 2004"]
[Site "Tagaytay, Phil."]
[Date "2004.03.22"]
[Round "2.4"]
[White "Rippis, Theos"]
[Black "Saeed, Ishaq"]
[Result "1/2-1/2"]
[WhiteElo "2083"]
[BlackElo "2081"]
[PlyCount "43"]
[EventDate "2004.03.21"]

1. e4 c5 2. c3 d5 3. exd5 Qxd5 4. d4 Nf6 5. Nf3 Bg4 6. Nbd2 Nc6 7. Qa4 Bxf3 8.
Nxf3 Qe4+ 9. Be3 Ng4 10. Nd2 Qd5 11. Bc4 Qxg2 12. O-O-O Nxe3 13. fxe3 O-O-O 14.
d5 Nb8 15. Qxa7 e6 16. e4 Qg6 17. Bb3 e5 18. Nc4 Be7 19. Nb6+ Kc7 20. Na8+ Kc8
21. Nb6+ Kc7 22. Na8+ 1/2-1/2

[Event "DUBAI CUP 2004"]
[Site "Tagaytay, Phil."]
[Date "2004.03.22"]
[Round "2.1"]
[White "Situru, Nathanael"]
[Black "Chang, Hon Kun"]
[Result "1-0"]
[WhiteElo "2375"]
[BlackElo "2110"]
[PlyCount "61"]
[EventDate "2004.03.21"]

1. e4 e5 2. Nf3 Nc6 3. Bc4 Be7 4. d4 exd4 5. Nxd4 d6 6. Nxc6 bxc6 7. Qh5 g6 8.
Qf3 Be6 9. Bxe6 fxe6 10. Qc3 Bf6 11. Qxc6+ Kf7 12. O-O Ne7 13. Qa4 Kg7 14. Nd2
g5 15. Nf3 Ng6 16. Be3 e5 17. c4 Nf4 18. Rfe1 Rf8 19. c5 Nd3 20. Re2 g4 21. Ne1
Nxc5 22. Bxc5 dxc5 23. Rd1 Qe8 24. Qa5 Qc6 25. Rd5 Qb6 26. Qxc5 Qxc5 27. Rxc5
Rf7 28. Nc2 Rd8 29. g3 Rd1+ 30. Kg2 Kg6 31. Ne3 1-0

[Event "DUBAI CUP 2004"]
[Site "Tagaytay, Phil."]
[Date "2004.03.22"]
[Round "2.2"]
[White "Celis, Solomon"]
[Black "Taufik, Halay"]
[Result "0-1"]
[WhiteElo "2125"]
[BlackElo "2212"]
[PlyCount "122"]
[EventDate "2004.03.21"]

1. d4 Nf6 2. c4 c5 3. Nf3 g6 4. g3 cxd4 5. Nxd4 Bg7 6. Bg2 Nc6 7. Nxc6 bxc6 8.
O-O O-O 9. Nc3 Rb8 10. Qc2 c5 11. b3 d6 12. Bb2 Bd7 13. Nd5 Nxd5 14. Bxd5 Bxb2
15. Qxb2 a5 16. Qc3 a4 17. bxa4 Bxa4 18. Rab1 Qc7 19. Qd3 Bd7 20. Rxb8 Rxb8 21.
Rb1 Bf5 22. Be4 Bg4 23. Rb3 Rxb3 24. axb3 Qa5 25. Kg2 Qa2 26. Bf3 Be6 27. e4
Qb2 28. Bd1 Kg7 29. Qc2 Qd4 30. Bf3 Bd7 31. Qa2 Bc6 32. Qc2 h5 33. h4 Bd7 34.
Kg1 Bc8 35. Bg2 Bg4 36. Kh2 Bd1 37. Qa2 Qc3 38. Qa7 e5 39. Bh3 Qd4 40. Qa2 Qxe4
41. Bg2 Qd3 42. Bd5 Qc2 43. Qxc2 Bxc2 44. Kg2 Bxb3 45. Kf3 Bd1+ 46. Ke3 Bg4 47.
Be4 Be6 48. Bd3 f5 49. f4 Kf6 50. Kd2 e4 51. Be2 Ke7 52. Kc3 Kd8 53. Kb3 Bd7
54. Kc3 Kc7 55. Bd1 Kb6 56. Bb3 Ka5 57. Bd1 Bc6 58. Be2 Ka4 59. Bd1+ Ka3 60.
Bc2 Ba4 61. Bb1 Bb3 0-1

[Event "DUBAI CUP 2004"]
[Site "Tagaytay, Phil."]
[Date "2004.03.22"]
[Round "2.4"]
[White "Fesalbaon, Rolando"]
[Black "Tanda, Joni"]
[Result "0-1"]
[WhiteElo "2170"]
[BlackElo "1800"]
[PlyCount "108"]
[EventDate "2004.03.21"]

1. Nf3 Nf6 2. d4 g6 3. c4 Bg7 4. Nc3 O-O 5. e4 d6 6. Be2 Nc6 7. O-O e5 8. d5
Ne7 9. Ne1 Ne8 10. b4 f5 11. Rb1 Nf6 12. f3 f4 13. Nd3 g5 14. Bd2 Rf7 15. c5
Bf8 16. Rc1 Rg7 17. cxd6 cxd6 18. Kh1 Qe8 19. Be1 Bd7 20. Nf2 Nh5 21. Ng4 Rg6
22. a4 a6 23. Qb3 Nf6 24. b5 Bxg4 25. fxg4 h5 26. Qd1 Rh6 27. Kg1 Qg6 28. gxh5
Nxh5 29. b6 Nf6 30. Bd3 g4 31. Qe2 Rxh2 32. Bg3 fxg3 33. Rxf6 Qxf6 34. Qxg4+
Qg6 35. Qxg6+ Nxg6 36. Ne2 Nf4 37. Nxf4 exf4 38. Be2 Bg7 39. Rc4 Bb2 40. Bg4
Ba3 41. Rc7 f3 42. Bxf3 Rf8 43. Rc3 Bc5+ 44. Kf1 Rh1+ 45. Ke2 Rc8 46. Bg4 Re8
47. Be6+ Rxe6 48. dxe6 Kf8 49. e5 Ke7 50. Rxg3 Kxe6 51. Rg7 dxe5 52. Rxb7 Rb1
53. a5 Rb5 54. Rc7 Rxa5 0-1

[Event "DUBAI CUP 2004"]
[Site "Tagaytay, Phil."]
[Date "2004.03.22"]
[Round "2.1"]
[White "Nguyen, Hoang Tuan"]
[Black "Murali Krishnan, Thulasiraman"]
[Result "0-1"]
[WhiteElo "2227"]
[BlackElo "2319"]
[PlyCount "112"]
[EventDate "2004.03.21"]

1. e4 d5 2. exd5 Qxd5 3. Nc3 Qa5 4. d4 c6 5. Nf3 Bf5 6. Bc4 Nd7 7. O-O e6 8.
Qe2 Be7 9. Re1 Ngf6 10. Bd2 Qc7 11. Bb3 O-O 12. h3 Bd6 13. Nh4 Bg6 14. Nxg6
hxg6 15. Ne4 Bf4 16. g3 Bxd2 17. Qxd2 Nxe4 18. Rxe4 Rfd8 19. c3 Nf6 20. Qf4
Qxf4 21. Rxf4 a5 22. a3 b5 23. Rd1 Rd6 24. Kf1 b4 25. axb4 axb4 26. c4 Rad8 27.
Ke2 g5 28. Rf3 Rxd4 29. Rfd3 Rxd3 30. Rxd3 Rxd3 31. Kxd3 c5 32. Bd1 Kf8 33. Bf3
Ke7 34. Ba8 Kd6 35. Bf3 Nd7 36. Be2 Ne5+ 37. Ke3 Nc6 38. Bh5 g6 39. Bd1 Ke5 40.
Ba4 Nd4 41. Be8 Nf5+ 42. Kd3 Nd6 43. Bc6 f5 44. Bg2 Kf6 45. Bf1 e5 46. Ke3 e4
47. f3 exf3 48. Kxf3 Ke5 49. Ke3 Ne4 50. g4 Nd6 51. b3 Nb7 52. Bd3 Nd8 53. Bc2
Ne6 54. Kf2 Nd4 55. Bd1 Ke4 56. Kg3 Ke3 0-1

[Event "DUBAI CUP 2004"]
[Site "Tagaytay, Phil."]
[Date "2004.03.22"]
[Round "2.3"]
[White "Ton That, Nhu Tung"]
[Black "Natarajan, Chandrasekaran"]
[Result "1/2-1/2"]
[WhiteElo "1800"]
[BlackElo "2261"]
[PlyCount "86"]
[EventDate "2004.03.21"]

1. e4 e6 2. d4 d5 3. e5 c5 4. c3 Qb6 5. Nf3 Nc6 6. a3 c4 7. Be2 f6 8. exf6 Nxf6
9. Nbd2 Bd6 10. O-O O-O 11. b3 cxb3 12. Rb1 Qc7 13. c4 e5 14. dxe5 Nxe5 15.
cxd5 Bf5 16. Qxb3 Nxf3+ 17. Nxf3 Bxb1 18. Qxb1 Rae8 19. Bd3 Kh8 20. Bb2 Qf7 21.
Bf5 Qh5 22. h3 Re2 23. Nd4 Rd2 24. Bc3 Rxd4 25. Bxd4 Nxd5 26. Bg4 Qf7 27. Qb2
Nf6 28. Bf3 b6 29. Rc1 Qe7 30. Qc3 Bxa3 31. Qc7 Qd8 32. Bxf6 gxf6 33. Be4 Qxc7
34. Rxc7 f5 35. Rxa7 Bc5 36. Bd3 h5 37. Rd7 h4 38. Kf1 Ra8 39. Bxf5 Ra1+ 40.
Ke2 Ra2+ 41. Kd3 Rxf2 42. Be4 Rf4 43. Bf3 Kg8 1/2-1/2

[Event "DUBAI CUP 2004"]
[Site "Tagaytay, Phil."]
[Date "2004.03.22"]
[Round "2.4"]
[White "Lakshiminarayanan, Govindarajan"]
[Black "Huynh, Lam Minh Nguyen"]
[Result "1-0"]
[WhiteElo "2009"]
[BlackElo "1800"]
[PlyCount "81"]
[EventDate "2004.03.21"]

1. e4 e5 2. Nf3 Nc6 3. d4 exd4 4. Nxd4 Nf6 5. Nxc6 bxc6 6. Bd3 d6 7. Bg5 Be7 8.
O-O O-O 9. Re1 Be6 10. Nd2 h6 11. Bh4 Rb8 12. b3 Nd7 13. Bxe7 Qxe7 14. Nf3 c5
15. c4 Ne5 16. Nxe5 dxe5 17. Qc1 Rfd8 18. Qc3 Rd4 19. Rad1 Rbd8 20. Bc2 Qd6 21.
Rxd4 exd4 22. Qd3 g6 23. Qd2 Kg7 24. Bd3 Qb6 25. f4 Bd7 26. Qf2 Re8 27. e5 Bf5
28. Bxf5 gxf5 29. Qg3+ Qg6 30. Qf3 c6 31. Rd1 Qg4 32. Qxg4+ fxg4 33. b4 Rd8 34.
bxc5 d3 35. Kf2 Rd4 36. Ke3 Rxc4 37. Rxd3 Rxc5 38. Rd7 Ra5 39. Ke4 Ra4+ 40. Kf5
c5 41. Kxg4 1-0

[Event "DUBAI CUP 2004"]
[Site "Tagaytay, Phil."]
[Date "2004.03.22"]
[Round "2.1"]
[White "Ak Qadri, Pg Mohd Omar"]
[Black "Ali, Alhalila"]
[Result "0-1"]
[WhiteElo "1800"]
[BlackElo "2050"]
[PlyCount "96"]
[EventDate "2004.03.21"]

1. e4 e6 2. d4 d5 3. Nd2 Ne7 4. e5 c5 5. c3 Nbc6 6. Ngf3 cxd4 7. cxd4 Nf5 8.
Nb3 a5 9. g4 Nh4 10. Be3 Nxf3+ 11. Qxf3 Qb6 12. Qe2 a4 13. Nc5 Qb4+ 14. Qd2
Bxc5 15. dxc5 Qxg4 16. Be2 Qe4 17. Rg1 g6 18. Bb5 Bd7 19. O-O-O Nxe5 20. Bxd7+
Kxd7 21. Bd4 Nf3 22. Qb4 Rhb8 23. Qb5+ Ke7 24. Qb4 Ke8 25. Rg3 Rc8 26. h3 Qf4+
27. Kb1 Qe4+ 28. Kc1 Qf4+ 29. Kb1 b6 30. Rd3 Nxd4 31. Rxd4 Qf5+ 32. Rdd3 Rxc5
33. Qxb6 Rac8 34. a3 Qxf2 35. Qb4 Qc2+ 36. Ka2 Qc4+ 37. Ka1 Qxb4 38. axb4 Rb5
39. Rc3 Rcb8 40. Rgf3 f5 41. Rc7 R8b7 42. Rc6 Kd7 43. Rfc3 Rxb4 44. Ra6 R4b6
45. Rxa4 Rxb2 46. Ra6 Rb1+ 47. Ka2 R7b2+ 48. Ka3 Ra1+ 0-1

[Event "DUBAI CUP 2004"]
[Site "Tagaytay, Phil."]
[Date "2004.03.22"]
[Round "2.2"]
[White "Sabri, Abdulmuawla"]
[Black "Ak Ahmad, Pg Hj Baharudin"]
[Result "1-0"]
[WhiteElo "2196"]
[BlackElo "1800"]
[PlyCount "81"]
[EventDate "2004.03.21"]

1. d4 d5 2. c4 c6 3. Nc3 Nf6 4. Nf3 dxc4 5. a4 Bf5 6. Ne5 Nbd7 7. Nxc4 Qc7 8.
g3 e5 9. dxe5 Nxe5 10. Bf4 Nfd7 11. Qd4 f6 12. Rd1 c5 13. Qd5 Ke7 14. Nd6 Be6
15. Qxb7 Qxb7 16. Nxb7 Rb8 17. Bg2 Ke8 18. O-O g5 19. Bc1 Bb3 20. Nd6+ Bxd6 21.
Rxd6 Rb6 22. Rxb6 Nxb6 23. f4 Nf7 24. fxg5 fxg5 25. Rf5 Ke7 26. Rxc5 Nxa4 27.
Rc7+ Kf6 28. Nxa4 Bxa4 29. Rxa7 Bb5 30. Bd2 Re8 31. Bd5 Nh6 32. Bc3+ Kg6 33.
Rg7+ Kf5 34. e4+ Kg4 35. Kg2 Rf8 36. h3+ Kh5 37. g4+ Nxg4 38. hxg4+ Kxg4 39.
Rxh7 Bf1+ 40. Kg1 Bh3 41. Be6+ 1-0

[Event "DUBAI CUP 2004"]
[Site "Tagaytay, Phil."]
[Date "2004.03.22"]
[Round "2.3"]
[White "Ak Hadfizon, Pg Mo Omar"]
[Black "Faraj, Yahya"]
[Result "0-1"]
[WhiteElo "1800"]
[BlackElo "2221"]
[PlyCount "60"]
[EventDate "2004.03.21"]

1. e4 d6 2. d4 Nf6 3. Nc3 c6 4. Bc4 b5 5. Bb3 b4 6. Na4 Nxe4 7. Qf3 d5 8. Ne2
e6 9. Ng3 f5 10. Nxe4 fxe4 11. Qh5+ g6 12. Qe5 Rg8 13. Bg5 Qd6 14. Qxd6 Bxd6
15. O-O-O Rf8 16. Rhf1 Ba6 17. Rfe1 Rxf2 18. Rd2 Rf7 19. h3 Nd7 20. c4 bxc3 21.
Nxc3 Bg3 22. Red1 Bf2 23. Ne2 Nb6 24. Nc3 Rc8 25. Nxe4 dxe4 26. Bxe6 e3 27.
Bxf7+ Kxf7 28. Rc2 e2 29. Rxe2 Bxe2 30. Rd2 Re8 0-1

[Event "DUBAI CUP 2004"]
[Site "Tagaytay, Phil."]
[Date "2004.03.22"]
[Round "2.4"]
[White "Hatim, Al-Hadarani"]
[Black "Soon, Wei Yee"]
[Result "1-0"]
[WhiteElo "2356"]
[BlackElo "1800"]
[PlyCount "37"]
[EventDate "2004.03.21"]

1. c4 c6 2. g3 d5 3. Bg2 e5 4. cxd5 cxd5 5. Qb3 Nf6 6. Nc3 e4 7. d3 exd3 8.
Nxd5 dxe2 9. Nxe2 Nc6 10. Bg5 Be7 11. Rd1 Qa5+ 12. Bd2 Qd8 13. Bc3 Bd6 14.
Nxf6+ gxf6 15. O-O O-O 16. Nf4 f5 17. Nh5 a5 18. Nf6+ Kh8 19. Rxd6 1-0

[Event "DUBAI CUP 2004"]
[Site "Tagaytay, Phil."]
[Date "2004.03.22"]
[Round "1.1"]
[White "Liang, Chong"]
[Black "Torre, Eugenio"]
[Result "0-1"]
[WhiteElo "2526"]
[BlackElo "2521"]
[PlyCount "76"]
[EventDate "2004.03.21"]

1. d4 d6 2. Nf3 Bg4 3. c4 Nd7 4. Nc3 e5 5. e3 Ngf6 6. Be2 Be7 7. O-O O-O 8. h3
Bh5 9. b3 Re8 10. Bb2 Bf8 11. Re1 c6 12. Nd2 Bxe2 13. Rxe2 exd4 14. exd4 d5 15.
Rxe8 Qxe8 16. Nf1 Bb4 17. Ne3 Nf8 18. cxd5 Bxc3 19. Bxc3 cxd5 20. Bb4 Ne6 21.
Bd6 Ne4 22. Be5 f6 23. Bh2 Rd8 24. Rc1 Qg6 25. f3 N4g5 26. Kh1 h5 27. Qd2 Nf7
28. Qa5 Qg5 29. Re1 Nxd4 30. Qxa7 Nf5 31. Nxf5 Qxf5 32. Qxb7 d4 33. Re7 d3 34.
g4 hxg4 35. hxg4 Qg5 36. Qe4 d2 37. Re8+ Rxe8 38. Qxe8+ Kh7 0-1

[Event "DUBAI CUP 2004"]
[Site "Tagaytay, Phil."]
[Date "2004.03.22"]
[Round "1.2"]
[White "Antonio Jr, Rogelio"]
[Black "Li, Shilong"]
[Result "0-1"]
[WhiteElo "2523"]
[BlackElo "2525"]
[PlyCount "68"]
[EventDate "2004.03.21"]

1. e4 c6 2. d4 d5 3. Nc3 dxe4 4. Nxe4 Bf5 5. Ng3 Bg6 6. h4 h6 7. Nf3 Nd7 8. h5
Bh7 9. Bd3 Bxd3 10. Qxd3 e6 11. Bf4 Bb4+ 12. c3 Be7 13. Ne4 Ngf6 14. Nxf6+ Nxf6
15. Ne5 Qd5 16. Qg3 Rg8 17. a3 Qe4+ 18. Kf1 Qf5 19. Qf3 Bd6 20. Re1 Bxe5 21.
Rxe5 Qb1+ 22. Re1 Qxb2 23. Rh3 Qb5+ 24. Kg1 Nd5 25. Bh2 Rd8 26. Be5 Qc4 27. Qg4
Nxc3 28. Rf3 Ne2+ 29. Kh1 Nxd4 30. Rf4 c5 31. Bxg7 Rd5 32. Rf6 Rxg7 33. Qf4
Rxh5+ 34. Kg1 Ne2+ 0-1

[Event "DUBAI CUP 2004"]
[Site "Tagaytay, Phil."]
[Date "2004.03.22"]
[Round "1.3"]
[White "Yu, Shaoteng"]
[Black "Villamayor, Buenaventura"]
[Result "1/2-1/2"]
[WhiteElo "2477"]
[BlackElo "2469"]
[PlyCount "87"]
[EventDate "2004.03.21"]

1. e4 e6 2. d3 d5 3. Qe2 c5 4. Nf3 Nc6 5. g3 Nge7 6. Bg2 g6 7. O-O Bg7 8. e5 b6
9. Re1 Bb7 10. c3 Qc7 11. Na3 a6 12. Nc2 O-O 13. h4 Rfd8 14. Bf4 d4 15. c4 b5
16. b3 bxc4 17. bxc4 Nb8 18. Rab1 Bc6 19. Bg5 Re8 20. Na1 Nd7 21. Nb3 Rab8 22.
Bf4 a5 23. Nbd2 Rxb1 24. Nxb1 Rb8 25. Na3 Rb4 26. Ng5 Bxg2 27. Kxg2 Qb7+ 28.
Kg1 Nc6 29. Nb5 Ndxe5 30. Bxe5 Nxe5 31. f4 h6 32. Ne4 Nd7 33. a3 Rb3 34. Qc2 a4
35. Nd2 Rc3 36. Nxc3 dxc3 37. Rb1 Bd4+ 38. Kh2 Qc6 39. Ne4 f5 40. Nxc3 Nf6 41.
Nb5 Ng4+ 42. Kh3 Nf2+ 43. Kh2 Ng4+ 44. Kh3 1/2-1/2

[Event "DUBAI CUP 2004"]
[Site "Tagaytay, Phil."]
[Date "2004.03.22"]
[Round "1.2"]
[White "Egorov, Evgeni"]
[Black "Mariano II, Nelson"]
[Result "1/2-1/2"]
[WhiteElo "2381"]
[BlackElo "2416"]
[PlyCount "80"]
[EventDate "2004.03.21"]

1. e4 d5 2. exd5 Qxd5 3. Nc3 Qa5 4. d4 Nf6 5. Nf3 Nc6 6. Bb5 Nd5 7. Bd2 Nxc3 8.
Bxc6+ bxc6 9. Bxc3 Qd5 10. O-O Bg4 11. Re1 Bxf3 12. gxf3 Qg5+ 13. Kh1 e6 14.
Re5 Qf4 15. Re4 Qf5 16. Qe2 Bd6 17. Rg1 Rg8 18. Rh4 Kd7 19. Qe4 h5 20. Qxf5
exf5 21. d5 g6 22. dxc6+ Kxc6 23. Rc4+ Kb7 24. Rd1 Rge8 25. Kg2 Rad8 26. Rd3 a6
27. Bf6 Rb8 28. b4 Re2 29. a4 Re1 30. Rd5 Rbe8 31. b5 Rb1 32. bxa6+ Kxa6 33.
Bh4 Re5 34. Rxe5 Bxe5 35. Bg3 Bxg3 36. hxg3 Kb7 37. Rc5 Re1 38. f4 Re4 39. a5
Re6 40. Kf3 c6 1/2-1/2

[Event "DUBAI CUP 2004"]
[Site "Tagaytay, Phil."]
[Date "2004.03.22"]
[Round "1.4"]
[White "Serik, Temirbaev"]
[Black "Bitoon, Richard"]
[Result "1/2-1/2"]
[WhiteElo "2459"]
[BlackElo "2430"]
[PlyCount "62"]
[EventDate "2004.03.21"]

1. d4 Nf6 2. c4 e6 3. g3 d5 4. Nf3 Bb4+ 5. Bd2 Be7 6. Qc2 O-O 7. Bg2 b6 8. O-O
Ba6 9. Ne5 c6 10. cxd5 cxd5 11. Nc3 Nfd7 12. Nf3 b5 13. Bf4 b4 14. Na4 Bb5 15.
Rfc1 Nc6 16. Nc5 Bxc5 17. dxc5 e5 18. Be3 h6 19. Nh4 d4 20. Bd2 Rc8 21. Qd1 Qf6
22. Be4 a5 23. a3 bxa3 24. Rxa3 Ne7 25. b4 axb4 26. Bxb4 Bc6 27. Ra6 Nb8 28.
Rb6 Nd7 29. Ra6 Nb8 30. Rb6 Nd7 31. Ra6 Nb8 1/2-1/2